[Event "CZE-chT2B 2223"]
[Site "Czech Republic"]
[Date "2022.10.16"]
[Round "1.6"]
[White "Formanek, Martin"]
[Black "Schmid, Michael2222"]
[Result "1-0"]
[WhiteElo "2181"]
[BlackElo "1695"]
[PlyCount "69"]
[EventDate "2022.10.16"]
[EventType "team-tourn"]
[EventRounds "11"]
[EventCountry "CZE"]
[SourceTitle "EXT 2024"]
[Source "ChessBase"]
[SourceDate "2023.10.10"]
[SourceVersion "1"]
[SourceVersionDate "2023.10.10"]
[SourceQuality "1"]
[WhiteTeam "Kobylisy"]
[BlackTeam "Karlovy Vary"]
[WhiteTeamCountry "CZE"]
[BlackTeamCountry "CZE"]

1. e4 e6 2. d3 d5 3. Qe2 dxe4 4. dxe4 e5 5. Nf3 Nc6 6. g3 Nf6 7. Bg2 Bd6 8. 0-0 0-0 9. c3 h6 10. Nbd2 Bg4 11. h3 Bh5 12. Nc4 Qe7 13. Ne3 Qe6 14. Nf5 Ne7 15. g4 Bg6 16. Re1 Rfe8 17. Nh2 Bxf5 18. gxf5 Qd7 19. Nf1 Rad8 20. Ng3 Kh7 21. Bf1 a6 22. Be3 Neg8 23. Red1 Qe7 24. b4 c5 25. b5 a5 26. b6 Ra8 27. Rd2 Rec8 28. Qd1 Rc6 29. Rb1 Nd7 30. Bc4 Rb8 31. Bxf7 Qxf7 32. Rxd6 Rxd6 33. Qxd6 Qxa2 34. Qg6+ Kh8 35. Nh5 1-0

[Event "Klatovy op 28th"]
[Site "Klatovy"]
[Date "2022.07.09"]
[Round "8"]
[White "Formanek, Martin"]
[Black "Kopriva, Martin"]
[Result "1-0"]
[WhiteElo "2233"]
[BlackElo "2124"]
[PlyCount "113"]
[EventDate "2022.07.02"]
[EventType "swiss"]
[EventRounds "9"]
[EventCountry "CZE"]
[SourceTitle "EXT 2023"]
[Source "ChessBase"]
[SourceDate "2022.10.05"]
[SourceVersion "1"]
[SourceVersionDate "2022.10.05"]
[SourceQuality "1"]

1. Nf3 g6 2. g3 Bg7 3. Bg2 Nf6 4. 0-0 0-0 5. c4 d6 6. Nc3 e5 7. d3 c6 8. Rb1 a5 9. a3 Re8 10. Ne1 h6 11. Nc2 d5 12. cxd5 Nxd5 13. Ne3 Be6 14. Bd2 Nxe3 15. Bxe3 Nd7 16. b4 axb4 17. Rxb4 Rxa3 18. Qc1 Qa5 19. Nb1 Qxb4 20. Nxa3 Ra8 21. Nc2 Qc3 22. Bd2 Qb3 23. Na1 Qa2 24. Nc2 Qb3 25. Na1 Qb5 26. Nc2 Kh7 27. Nb4 Nc5 28. Bc3 Nb3 29. Qb2 Ra4 30. Nc2 Qa6 31. Nb4 Qb5 32. Nc2 Bd5 33. Bxd5 Qxd5 34. Rb1 Nd4 35. Bxd4 Ra2 36. Qc1 exd4 37. Nb4 Qe6 38. Nxa2 Qxa2 39. Rxb7 Qxe2 40. Qxc6 Qxd3 41. Rxf7 Qd1+ 42. Kg2 Qe2 43. Qd5 Kh8 44. Rd7 h5 45. h4 Qe1 46. Rd6 Kh7 47. Re6 Qb1 48. Re7 Qf5 49. Qxd4 Qf8 50. Qxg7+ Qxg7 51. Rxg7+ Kxg7 52. Kf3 Kf7 53. Kf4 Kf6 54. f3 Kf7 55. Kg5 Kg7 56. f4 Kh7 57. f5 1-0

[Event "CZE-chT1W 2122"]
[Site "Czech Republic"]
[Date "2022.02.06"]
[Round "8.4"]
[White "Pribyl, Josef"]
[Black "Formanek, Martin"]
[Result "0-1"]
[WhiteElo "2235"]
[BlackElo "2193"]
[PlyCount "88"]
[EventDate "2021.10.10"]
[EventType "team-tourn"]
[EventRounds "11"]
[EventCountry "CZE"]
[SourceTitle "EXT 2023"]
[Source "ChessBase"]
[SourceDate "2022.10.05"]
[SourceVersion "1"]
[SourceVersionDate "2022.10.05"]
[SourceQuality "1"]
[WhiteTeam "Praha DP EA Hotels"]
[BlackTeam "Kobylisy"]
[WhiteTeamCountry "CZE"]
[BlackTeamCountry "CZE"]

1. d4 Nf6 2. Nf3 g6 3. Nc3 d5 4. Bf4 Bg7 5. e3 0-0 6. Be2 c6 7. Ne5 Nfd7 8. Qd2 f6 9. Nxd7 Nxd7 10. h4 e5 11. Bg3 f5 12. h5 f4 13. Bh2 fxe3 14. fxe3 exd4 15. exd4 Qh4+ 16. g3 Qxd4 17. Qxd4 Bxd4 18. hxg6 hxg6 19. 0-0-0 Bg7 20. Bg1 Ne5 21. Bc5 Re8 22. Rh4 Bf6 23. Ra4 a6 24. Rf1 Bg5+ 25. Kd1 b5 26. Rb4 Nc4 27. a4 Be3 28. Bxe3 Nxe3+ 29. Kd2 Nxf1+ 30. Bxf1 Rf8 31. Be2 Bd7 32. Rd4 Kg7 33. b4 Rae8 34. axb5 axb5 35. Nd1 Re5 36. g4 Rh8 37. c3 Rh3 38. Rf4 Re4 39. Rxe4 dxe4 40. Ne3 Kf6 41. Bf1 Rh2+ 42. Ke1 Kg5 43. Be2 Kf4 44. Kd2 Bxg4 0-1

[Event "CZE-chT2B 1920"]
[Site "Czech Republic"]
[Date "2020.06.18"]
[Round "10.3"]
[White "Hofman, Krystof"]
[Black "Formanek, Martin"]
[Result "1/2-1/2"]
[WhiteElo "2089"]
[BlackElo "2222"]
[PlyCount "61"]
[EventDate "2019.10.13"]
[EventType "team-tourn"]
[EventRounds "11"]
[EventCountry "CZE"]
[SourceTitle "EXT 2024"]
[Source "ChessBase"]
[SourceDate "2023.10.10"]
[SourceVersion "1"]
[SourceVersionDate "2023.10.10"]
[SourceQuality "1"]
[WhiteTeam "Teplice"]
[BlackTeam "Kobylisy"]
[WhiteTeamCountry "CZE"]
[BlackTeamCountry "CZE"]

1. d4 Nf6 2. c4 g6 3. Nc3 Bg7 4. e4 d6 5. Be2 0-0 6. Bg5 c5 7. d5 b5 8. cxb5 a6 9. bxa6 Qa5 10. Bd2 Bxa6 11. Nf3 Nbd7 12. 0-0 Rfb8 13. Bxa6 Qxa6 14. Qc2 Ng4 15. a4 Rb4 16. h3 Nge5 17. Nxe5 Bxe5 18. f4 Bd4+ 19. Kh2 Nb6 20. b3 c4 21. Rfb1 cxb3 22. Rxb3 Rxb3 23. Qxb3 Qd3 24. Rd1 Nxa4 25. Qb1 Qxb1 26. Nxb1 Rc8 27. Na3 Bb2 28. Nb5 Rc4 29. Re1 f6 30. Kg3 Rc5 31. Na7 1/2-1/2

[Event "Klatovy op-A 24th"]
[Site "Klatovy"]
[Date "2018.07.08"]
[Round "9"]
[White "Svanda, Ondrej"]
[Black "Formanek, Martin"]
[Result "1/2-1/2"]
[WhiteElo "2043"]
[BlackElo "2267"]
[PlyCount "26"]
[EventDate "2018.06.30"]
[EventType "swiss"]
[EventRounds "9"]
[EventCountry "CZE"]
[SourceTitle "EXT 2019"]
[Source "ChessBase"]
[SourceDate "2018.10.10"]
[SourceVersion "1"]
[SourceVersionDate "2018.10.10"]
[SourceQuality "1"]

1. e4 c5 2. Nf3 d6 3. d4 cxd4 4. Nxd4 Nf6 5. Nc3 a6 6. Be2 e5 7. Nb3 Be7 8. Be3 Be6 9. 0-0 0-0 10. f4 exf4 11. Bxf4 Nc6 12. Kh1 Ne5 13. Qe1 Nfd7 1/2-1/2

[Event "CZE-chT2B 1718"]
[Site "Czech Republic"]
[Date "2018.01.14"]
[Round "6.3"]
[White "Liska, Jiri2222"]
[Black "Formanek, Martin"]
[Result "1-0"]
[WhiteElo "2241"]
[BlackElo "2280"]
[PlyCount "85"]
[EventDate "2017.10.15"]
[EventType "team-tourn"]
[EventRounds "11"]
[EventCountry "CZE"]
[SourceTitle "EXT 2022"]
[Source "ChessBase"]
[SourceDate "2021.10.06"]
[SourceVersion "1"]
[SourceVersionDate "2021.10.06"]
[SourceQuality "1"]
[WhiteTeam "Turnov Zikuda II"]
[BlackTeam "Kobylisy"]
[WhiteTeamCountry "CZE"]
[BlackTeamCountry "CZE"]

1. Nf3 Nf6 2. c4 g6 3. g3 Bg7 4. Bg2 0-0 5. 0-0 d6 6. d4 Nc6 7. Nc3 a6 8. Bf4 Bf5 9. d5 Na5 10. Nd4 Bd7 11. Qd3 c5 12. Nc2 b5 13. cxb5 c4 14. Qd2 axb5 15. Bh6 Qb6 16. Be3 Qc7 17. Nb4 Rfd8 18. h3 Rab8 19. Na6 Qb7 20. Nxb8 Rxb8 21. Rac1 b4 22. Nd1 Qb5 23. Bd4 c3 24. bxc3 b3 25. Ne3 b2 26. Rb1 Bf5 27. Nxf5 gxf5 28. Rfd1 Nc4 29. Qd3 e5 30. dxe6 fxe6 31. Ba7 Rc8 32. e4 Qa5 33. Bd4 e5 34. Be3 fxe4 35. Qc2 Nd5 36. Bxe4 Ndxe3 37. fxe3 Nxe3 38. Qb3+ Kh8 39. Rxd6 Nc4 40. Rc6 Qa7+ 41. Kg2 Rxc6 42. Bxc6 Qc5 43. Qb5 1-0

[Event "Klatovy op-A 23rd"]
[Site "Klatovy"]
[Date "2017.07.09"]
[Round "9"]
[White "Formanek, Martin"]
[Black "Burnett, Andrew"]
[Result "0-1"]
[WhiteElo "2273"]
[BlackElo "2211"]
[PlyCount "94"]
[EventDate "2017.07.01"]
[EventType "swiss"]
[EventRounds "9"]
[EventCountry "CZE"]
[SourceTitle "EXT 2018"]
[Source "ChessBase"]
[SourceDate "2017.10.13"]
[SourceVersion "1"]
[SourceVersionDate "2017.10.13"]
[SourceQuality "1"]

1. d4 Nf6 2. c4 g6 3. Nc3 Bg7 4. e4 0-0 5. Nf3 d6 6. Be2 Bg4 7. 0-0 Nfd7 8. Be3 e5 9. d5 a5 10. Ne1 Bxe2 11. Qxe2 Na6 12. f3 f5 13. Nd3 Qh4 14. Bf2 Qe7 15. b3 Nf6 16. Bh4 Bh6 17. g4 fxg4 18. fxg4 Bg7 19. h3 Qd7 20. Rf3 h6 21. Raf1 Nh7 22. a3 Rxf3 23. Rxf3 Bf8 24. Qf2 Nb8 25. c5 Be7 26. Kg2 Bxh4 27. Qxh4 Kg7 28. Rf1 Ng5 29. Qf2 Qe7 30. h4 Nh7 31. Kg3 Nd7 32. cxd6 cxd6 33. Rc1 Nhf6 34. Qe3 Rc8 35. Ne2 Qd8 36. b4 axb4 37. axb4 Rxc1 38. Nexc1 Qc8 39. Nf2 Qc4 40. Ncd3 Qb5 41. h5 gxh5 42. g5 hxg5 43. Qxg5+ Kf7 44. Ne1 Qf1 45. Qe3 Ke7 46. Nf3 Qxf2+ 47. Qxf2 Nxe4+ 0-1

[Event "Klatovy op-A 23rd"]
[Site "Klatovy"]
[Date "2017.07.04"]
[Round "4"]
[White "Formanek, Martin"]
[Black "Neuman, Petr"]
[Result "0-1"]
[WhiteElo "2273"]
[BlackElo "2442"]
[PlyCount "60"]
[EventDate "2017.07.01"]
[EventType "swiss"]
[EventRounds "9"]
[EventCountry "CZE"]
[SourceTitle "EXT 2018"]
[Source "ChessBase"]
[SourceDate "2017.10.13"]
[SourceVersion "1"]
[SourceVersionDate "2017.10.13"]
[SourceQuality "1"]

1. e4 c5 2. Nc3 g6 3. f4 Bg7 4. Nf3 d6 5. Bb5+ Bd7 6. Bxd7+ Qxd7 7. d3 Nc6 8. 0-0 Nf6 9. Bd2 0-0 10. Qe1 Rac8 11. Rc1 Nd4 12. Nd1 Nxf3+ 13. Rxf3 c4 14. d4 d5 15. e5 Ne4 16. f5 gxf5 17. Ne3 e6 18. Bb4 Rfe8 19. g4 f6 20. gxf5 fxe5 21. fxe6 Rxe6 22. Nf5 a5 23. Ba3 Rce8 24. Qxa5 b6 25. Qe1 Rf6 26. Ne7+ Rxe7 27. Rxf6 Bxf6 28. Bxe7 Qg4+ 29. Kh1 Qf3+ 30. Kg1 Bxe7 0-1

[Event "CZE-chT2A 1617"]
[Site "Czech Republic"]
[Date "2017.02.26"]
[Round "9.2"]
[White "Formanek, Martin"]
[Black "Postupa, Pavel1111"]
[Result "0-1"]
[WhiteElo "2228"]
[BlackElo "2202"]
[PlyCount "116"]
[EventDate "2016.10.09"]
[EventType "team-tourn"]
[EventRounds "11"]
[EventCountry "CZE"]
[SourceTitle "EXT 2022"]
[Source "ChessBase"]
[SourceDate "2021.10.06"]
[SourceVersion "1"]
[SourceVersionDate "2021.10.06"]
[SourceQuality "1"]
[WhiteTeam "Praha Kobylisy"]
[BlackTeam "Pankrac II"]
[WhiteTeamCountry "CZE"]
[BlackTeamCountry "CZE"]

1. e4 c5 2. Nf3 d6 3. c3 Nf6 4. Bd3 Bg4 5. Bc2 Nc6 6. d3 g6 7. Nbd2 Bg7 8. h3 Bd7 9. 0-0 0-0 10. a4 a6 11. Nc4 b5 12. axb5 axb5 13. Rxa8 Qxa8 14. Nb6 Qb7 15. Nxd7 Nxd7 16. d4 b4 17. Be3 bxc3 18. bxc3 cxd4 19. cxd4 d5 20. Qb1 Qc7 21. exd5 Na5 22. Ba4 Nb6 23. Rc1 Qd6 24. Qb5 Ra8 25. Bc2 Nac4 26. Bb3 Nxe3 27. fxe3 Bh6 28. Kf2 Rb8 29. Rc6 Qd8 30. Qa5 Bxe3+ 31. Ke2 Bf4 32. Ne5 Kg7 33. Kf3 Bxe5 34. dxe5 Nd7 35. Qxd8 Rxd8 36. Ke4 Rb8 37. Bc4 Rb1 38. e6 Re1+ 39. Kf4 Ne5 40. Rc7 Nxc4 41. Rxc4 fxe6 42. dxe6 Rxe6 43. Kf3 h5 44. h4 Ra6 45. Kf4 Kf6 46. Rb4 Ra1 47. g3 Ra3 48. Rb6+ e6 49. Rc6 Ra4+ 50. Kf3 Kf5 51. Rc5+ Kf6 52. Rc6 Kf5 53. Rc5+ e5 54. Rb5 Ra3+ 55. Kf2 Kg4 56. Rxe5 Rf3+ 57. Ke2 Rxg3 58. Re4+ Kh3 0-1

[Event "CZE-chT2A 1617"]
[Site "Czech Republic"]
[Date "2016.10.30"]
[Round "2.3"]
[White "Stockova, Zuzana"]
[Black "Formanek, Martin"]
[Result "1/2-1/2"]
[WhiteElo "2332"]
[BlackElo "2228"]
[PlyCount "83"]
[EventDate "2016.10.09"]
[EventType "team-tourn"]
[EventRounds "11"]
[EventCountry "CZE"]
[SourceTitle "EXT 2022"]
[Source "ChessBase"]
[SourceDate "2021.10.06"]
[SourceVersion "1"]
[SourceVersionDate "2021.10.06"]
[SourceQuality "1"]
[WhiteTeam "Karlovy Vary Tietz"]
[BlackTeam "Praha Kobylisy"]
[WhiteTeamCountry "CZE"]
[BlackTeamCountry "CZE"]

1. e4 c5 2. Nf3 d6 3. d4 cxd4 4. Nxd4 Nf6 5. Nc3 a6 6. Bg5 Nbd7 7. f4 Qc7 8. Qd3 e6 9. 0-0-0 b5 10. Be2 Nc5 11. Qe3 b4 12. e5 bxc3 13. exf6 cxb2+ 14. Kb1 g6 15. Rhe1 Bb7 16. Bc4 0-0-0 17. Bxe6+ Kb8 18. Bb3 d5 19. Qd2 Bd6 20. Re7 Ne4 21. Qd3 Bxe7 22. fxe7 Rd7 23. Kxb2 Nxg5 24. fxg5 Rxe7 25. Rf1 Rd8 26. Rf6 Rd6 27. Rf3 Rb6 28. Rh3 f5 29. gxf6 Rxf6 30. Re3 Rff7 31. h3 Rxe3 32. Qxe3 Re7 33. Qf3 Qe5 34. c3 Qe3 35. Qf8+ Ka7 36. a4 Rc7 37. Qb4 Qe7 38. Qa5 Qc5 39. Nb5+ Kb8 40. Qxc7+ Qxc7 41. Nxc7 Kxc7 42. Kc2 1/2-1/2

[Event "CZE-chT1W 1516"]
[Site "Czech Republic"]
[Date "2016.04.10"]
[Round "11.3"]
[White "Formanek, Martin"]
[Black "Novotny, Michal"]
[Result "0-1"]
[WhiteElo "2189"]
[BlackElo "2278"]
[PlyCount "62"]
[EventDate "2015.10.11"]
[EventType "team-tourn"]
[EventRounds "11"]
[EventCountry "CZE"]
[SourceTitle "EXT 2017"]
[Source "ChessBase"]
[SourceDate "2016.10.25"]
[SourceVersion "1"]
[SourceVersionDate "2016.10.25"]
[SourceQuality "1"]
[WhiteTeam "Praha Kobylisy"]
[BlackTeam "Polabiny"]
[WhiteTeamCountry "CZE"]
[BlackTeamCountry "CZE"]

1. e4 e6 2. d3 d5 3. Nd2 Nf6 4. Ngf3 Be7 5. g3 b6 6. e5 Nfd7 7. Bg2 c5 8. 0-0 Nc6 9. Re1 Bb7 10. c3 Qc7 11. Qe2 g5 12. g4 h5 13. h3 hxg4 14. hxg4 0-0-0 15. Nf1 Rdg8 16. d4 Kb8 17. Be3 f5 18. exf6 Bxf6 19. Rad1 cxd4 20. cxd4 Nf8 21. Qd2 Qg7 22. b4 Ng6 23. Bxg5 Bxg5 24. Qxg5 Qf7 25. Qe3 Nf4 26. Ne5 Nxe5 27. Qxe5+ Ka8 28. f3 Rf8 29. Re3 Qh7 30. Rd2 Ba6 31. Ng3 Qh2+ 0-1

[Event "CZE-chT1W 1516"]
[Site "Czech Republic"]
[Date "2016.03.20"]
[Round "10.3"]
[White "Svoboda, Svatopluk"]
[Black "Formanek, Martin"]
[Result "1-0"]
[WhiteElo "2323"]
[BlackElo "2189"]
[PlyCount "71"]
[EventDate "2015.10.11"]
[EventType "team-tourn"]
[EventRounds "11"]
[EventCountry "CZE"]
[SourceTitle "EXT 2017"]
[Source "ChessBase"]
[SourceDate "2016.10.25"]
[SourceVersion "1"]
[SourceVersionDate "2016.10.25"]
[SourceQuality "1"]
[WhiteTeam "Praha Pankrac"]
[BlackTeam "Praha Kobylisy"]
[WhiteTeamCountry "CZE"]
[BlackTeamCountry "CZE"]

1. e4 c5 2. Nf3 d6 3. c3 Nf6 4. h3 Nc6 5. Bd3 g6 6. Bc2 Bg7 7. d4 cxd4 8. cxd4 0-0 9. Nc3 b5 10. Nxb5 Ba6 11. Nc3 e5 12. d5 Nd4 13. Bd3 Qb6 14. 0-0 Bxd3 15. Qxd3 Nd7 16. b3 Nc5 17. Qd1 f5 18. Be3 Nxe4 19. Nxe4 fxe4 20. Ng5 Qb7 21. Qg4 Qxd5 22. Rfd1 Rae8 23. Nxe4 Rf5 24. Rac1 Ref8 25. Rc7 Qa5 26. Rdc1 Qxa2 27. Nxd6 Ne2+ 28. Kh2 Nxc1 29. Nxf5 Rxf5 30. Qc4+ Kh8 31. Rc8+ Rf8 32. Qc5 Rg8 33. Rxg8+ Kxg8 34. Qd5+ Kf8 35. Bc5+ Ke8 36. Qd6 1-0